Servei de correus /
Descripción Física:
63 p. ; 21 cm
Colección:
Consum (Barcelona (Catalunya : Província). Diputació)
; 15
Materias:
Correus -- Dret i legislació -- Espanya
Idioma:
Catalán
MARC
| LEADER | 00000nam a2200000Ia 4500 | ||
|---|---|---|---|
| 001 | 12247 | ||
| 003 | Arxiu | ||
| 005 | 20260324175323.0 | ||
| 008 | 160829s1998 spc xx s cat c | ||
| 040 | |a AGDB | ||
| 041 | |a cat | ||
| 080 | |a M-3-381 | ||
| 245 | 0 | 0 | |a Servei de correus / |c text: Unió de Consumidors de Catalunya |
| 260 | |a Barcelona : |b Diputació de Barcelona. Servei de Salut Pública i Consum, |c 1998 | ||
| 300 | |a 63 p. ; |c 21 cm | ||
| 490 | 1 | |a Consum ; |v 15 | |
| 650 | |a Correus |x Dret i legislació |x Espanya |9 26808 | ||
| 710 | 2 | |a Unió de Consumidors de Catalunya |9 56021 |e entitat autora | |
| 710 | |a Barcelona (Catalunya : Província). |b Servei de Salut Pública i Consum |9 8151 |e entitat editora | ||
| 830 | 0 | |9 56020 |a Consum (Barcelona (Catalunya : Província). Diputació) |v 15 | |
| 901 | |a Arxiu | ||
| 942 | |n 1 |2 udc |c ARXIU | ||
| 952 | |0 0 |1 0 |4 0 |6 M3381 |7 1 |9 44151 |a Arxiu |b Arxiu |d 2016-12-01 |l 0 |o M-3-381 |p 12247 |r 2016-12-01 00:00:00 |w 2016-12-01 |y ARXIU | ||
| 999 | |c 46731 |d 46731 | ||